Science Quiz

Random Science or Animal Quiz

Animals by Species II Quiz Stats

 Plays Quiz Updated Dec 14, 2018

Also try: Animals by Species
Challenge
Share
Tweet
Embed
Score 0/32 Timer 05:00
16 Plays Today
Species or Breed Animal % Correct
Fishing, Asian Leopard, British ShorthairCat
79.3%
House, Field, DeerMouse
67%
Bearded, Java Warty, Vietnamese Pot-BelliedPig
65.5%
Round, Earth, FlatWorm
64.7%
King, Spitting, ShieldnoseCobra
60.8%
Canada, Cape Barren, GreylagGoose
51.1%
Desert, Galapagos, Burmese StarTortoise
45.9%
Snowshoe, Arctic, DesertHare
45.4%
Angora, Cashmere, Anatolian BlackGoat
41%
African Bush, African Forest, AsianElephant
41%
Chilean Sea, Smallmouth, StripedBass
39.1%
Leghorn, Silkie, Dutch BantamChicken
33.7%
True Death's Head, Madagascar Hissing, German Cockroach
32.1%
Star-Nosed, Japanese Shrew, Long TailedMole
31.8%
Blue-Footed, Nazca, PeruvianBooby
25.7%
Turkey, King, HoodedVulture
25.2%
Species or Breed Animal % Correct
Rothschild, Reticulated, South AfricanGiraffe
16.7%
Pearl, Pacific, Sydney RockOyster
16.7%
Swift, Paradise, Blue-Crowned GreenParrot
15.7%
Giant, Pink Fairy, Nine-BandedArmadillo
13.2%
Banded Woolly Bear, Giant Swallowtail, SaddlebackCaterpillar
12.5%
Tokay, Gold Dust Day, LeopardGecko
12.5%
Giant, Silky, Southern TamanduaAnteater
12%
Lesser Antillean, Green, BlackIguana
11.3%
Wild, Ocellated, DomesticTurkey
11.1%
Leadbeater's, Brushtail, RingtailPossum
8.3%
Masai Sprite, Dancing Jewel, Green DarnerDragonfly
8.2%
Desert, Spectacled, ScarletFinch
7.4%
Amazonian, Dwarf, West IndianManatee
7%
Sparkling-Tailed, Great Sapphirewing, Black-Eared FairyHummingbird
7%
Atlantic, Pacific, Laptev SeaWalrus
5.7%
Orange-Spined Hairy Dwarf, Himalayan, Stump-TailedPorcupine
3.7%

You're not logged in!

Compare scores with friends on all Sporcle quizzes.
OR
Log In

You Might Also Like...

Show Comments

Extras

Top Quizzes Today


Score Distribution

Your Account Isn't Verified!

In order to create a playlist on Sporcle, you need to verify the email address you used during registration. Go to your Sporcle Settings to finish the process.

Report this User

Report this user for behavior that violates our Community Guidelines.

Details: